Länderformen in der Weltkarte #6 - Statistiken

Allgemein
  • Dieses Quiz wurde 142 mal gespielt
  • Das Durchschnittsergebnis liegt bei 15 aus 20
Antworten auf der Karte
Die Antworten werden auf der Karte rot bzw. grün angezeigt, abhängig davon wie oft sie richtig erraten wurden.
 
Antwortstatistiken
Land % Korrekt
Dänemark
96%
Venezuela
91%
Chile
90%
Libyen
88%
Österreich
85%
Panama
84%
Bahamas
82%
Litauen
82%
Mosambik
77%
Pakistan
77%
Syrien
75%
Malta
72%
Côte d'Ivoire
69%
Georgien
69%
Laos
69%
Eritrea
67%
Nordkorea
67%
Kroatien
66%
Zentralafrikanische Republik
63%
Mikronesien
44%
Keine übereinstimmenden Quizze gefunden
Verteilung der Resultate
Anzahl Personen mit jedem Resultat
Perzentil nach korrekt beantworteten Fragen
Ihre Resultats-Entwicklung
Sie haben dieses Quiz noch nicht gespielt